Statistiques concernant Anagrammes - Titres de films en un seul mot - Série 01

Cliquez ici pour prendre le quiz!

Statistiques générales

  • Ce quiz a été pris 231 fois
  • Le résultat moyen est 5 sur 10

Statistiques - réponses

IndicesAnagrammeFilm% Correct
1942 - villeCABANCALASCasablanca
90%
1990 - Luc BessonTAKININikita
77%
1960 - John WayneLOAMAAlamo
62%
1936 - PagnolSERACCésar
53%
1931 - PagnolMURAISMarius
47%
2009 - Alejandro AmenabarAGAROAgora
43%
1985 - Maurice PialatPICOLEPolice
32%
1961 - Richard FleischerSABABARBBarabbas
23%
1941 - Jean GrémillonMORRESQUERemorques
17%
2012 - Géraldine MailletFARTEAfter
16%

Distribution des résultats

Percentile par nombre de réponses

% des personnes avec chaque résultat

Votre développement - résultats

Vous n’avez pas pris ce quiz